Представление документа в формате RUSMARC

ПолеНазваниеЗначение
  Тип записи a
  Библиографический уровень m
001 Контрольный номер UONB/MAIN/d3c40371f5c94eaa94111735b982a3e1
005 Дата корректировки 20250617095344.8
010 Индекс ISBN __
9 Тираж 50000 экз.
100 Данные общей обработки __
a Данные общей обработки 20250617d1981 u y0rusy0189## ca
101 Язык документа 0_
a Язык текста rus
102 Страна публикации __
a Страна публикации RU
105 Кодированные данные (монография) __
a Кодированные данные (монография) a z 001yy
200 Заглавие и сведения об ответственности 1_
a Заглавие Эксплуатация сельскохозяйственной техники зимой
f Первые сведения об ответственности В. И. Цуцоев
203 Вид содержания и тип средства __
a Вид содержания Текст
b Характеристика содержания визуальный
c Тип средства непосредственный
210 Выходные данные 1_
a Место издания Москва
c Издательство Колос
d Дата издания 1981
215 Физическое описание __
a Объем 191 с.
c Иллюстрации/тип воспроизводства ил.
d Формат 21 см
320 Библиография __
a Библиография Библиогр.: с. 190
606 Тематические рубрики 0_
a Основная рубрика Сельскохозяйственные машины и орудия
x Основная подрубрика Эксплуатация зимняя
610 Ключевые слова 0_
a Ключевые слова машины сельскохозяйственные; орудия сельскохозяйственные; техника сельскохозяйственная; агротехника
686 Индексы других классификаций __
a Классификационный индекс 40.72-082
2 Код системы rubbk
700 Автор _1
a Фамилия Цуцоев
b Имя (инициалы) В. И.
g Полное личное имя Владимир Иванович
801 Источник записи _0
a Страна RU
b Организация Ульяновская ОНБ
c Дата составления 20250617
g Правила каталогизации RCR
801 Источник записи _1
a Страна RU
b Организация Ульяновская ОНБ
c Дата составления 20250617
g Правила каталогизации RCR
901 Тип документа __
t Тип документа m
909 Создатель записи __
a Создатель записи Макушик
b Дата создания записи 20250617